| 000 | 00000nas##2200000za#4500 |
| 001 | 9.509622 |
| 003 | CaOODSP |
| 005 | 20200325130818 |
| 007 | ta |
| 008 | 150406c1991||||xxc|| m #||||f| |0eng|d |
| 040 | |aCaOODSP|beng |
| 041 | |aeng |
| 041 | |afre |
| 043 | |an-cn--- |
| 086 | 1 |aSC91-4 |
| 110 | 1 |aCanada.|bCanadian Centre for Management Development. |
| 245 | 10|aJohn L. Manion Lecture |
| 260 | |aOttawa - Ontario : |bCanadian Centre for Management Development |
| 362 | 1 |aP2B, 1991-- |
| 500 | |aCanadian cataloguing in publication data printed in these publications. |
| 563 | |aSoftcover |
| 690 | 07|aConferences|2gcpds |
| 775 | 08|tJohn L. Manion Lecture |w(CaOODSP)9.514893 |
| 776 | 0#|tConférence John L. Manion |w(CaOODSP)9.501125 |
| 776 | 0#|tJohn L. Manion lecture |w(CaOODSP)9.504714 |
| 792 | |tLa conférence John L. Manion |efre|w(CaOODSP)9.509623 |